Prénoms masculins QI handball le plus bas - Statistiques

Statistiques générales
  • Ce quiz a été pris 49 fois
  • Le résultat moyen est 3 sur 10
Statistiques - réponses
Classement Prénoms % Correct
7 Lucas
56%
6 Hugo
49%
1 Thomas
49%
5 Maxime
32%
4 Alexandre
24%
10 Romain
22%
8 Sacha
15%
3 Yannis
15%
2 Célestin
7%
9 Philibert
7%
Aucun quiz correspondant
Distribution des résultats
% des personnes avec chaque résultat
Percentile par nombre de réponses
Votre historique - résultats
Vous n’avez pas pris ce quiz